Shakespeare / (Record no. 186701)

000 -LEADER
fixed length control field 00854 a2200169 4500
003 - CONTROL NUMBER IDENTIFIER
control field Nust
005 - DATE AND TIME OF LATEST TRANSACTION
control field 20230125075039.0
040 ## - CATALOGING SOURCE
Transcribing agency Nust
082 ## - DEWEY DECIMAL CLASSIFICATION NUMBER
Classification number 822.33,DOR
100 ## - MAIN ENTRY--PERSONAL NAME
Personal name Doren,Mark Van
9 (RLIN) 107533
245 ## - TITLE STATEMENT
Title Shakespeare /
Statement of responsibility, etc. Mark Van Doren
260 ## - PUBLICATION, DISTRIBUTION, ETC.
Place of publication, distribution, etc. New York
Name of publisher, distributor, etc. Doubleday
Date of publication, distribution, etc. 1955
300 ## - PHYSICAL DESCRIPTION
Extent 302:p
505 ## - FORMATTED CONTENTS NOTE
Formatted contents note Introduction (Page-1), Poems (Page-1), Henry VI (Page-10), Richard Iii (Page-19 ),Titus Andronicus (Page-28),The Comedy Of Error (Page-33), The Taming Of The Shrew (Page-36),The Merchant Night Dream (Page-79),King John (Page-88), Henry IV (Page-97),Much Ado About Nothing (Page-119),Julius Caesar (Page-152),Hamlet (Page-161),Troilus And Cressida (Page-172),All Well That End Well (Page-178),King Lear (Page-204), The Winter S Tale (Page-271),The Tempest (Page-1),The Henry VIII (Page-289).
650 ## - SUBJECT ADDED ENTRY--TOPICAL TERM
Topical term or geographic name entry element Drama
942 ## - ADDED ENTRY ELEMENTS (KOHA)
Source of classification or shelving scheme
Koha item type Book
Holdings
Withdrawn status Lost status Source of classification or shelving scheme Damaged status Not for loan Permanent Location Current Location Shelving location Date acquired Shelving control number Full call number Barcode Date last seen Price effective from Koha item type Public note
          Military College of Signals (MCS) Military College of Signals (MCS) Fiction 12/12/2016 English Literature 822.33,DOR MCS29953 12/08/2016 12/12/2016 Book Almirah No.57, Shelf No.5
© 2023 Central Library, National University of Sciences and Technology. All Rights Reserved.